banner-ar

المخ واضطرابات الانتباه : (Record no. 59849)

MARC details
000 -الفاتح
حقل البيانات ثابتة الطول 00809nam a22002177a 4500
005 - وقت وتاريخ اخر تعامل مع التسجيلة
رقم الضبط 20240530110339.0
008 - عناصر البيانات ثابتة الطول - معلومات عامة
حقل البيانات ثابتة الطول 141028s2012 ua gr| 000 0dara d
040 ## - مصدر الفهرسة
وكالة الفهرسة الأصلية EG-CaGPL
082 04 - رقم تصنيف ديوى العشرى
رقم الطبعة 21
رقم التصنيف 153.733\
رقم المادة س م
100 0# - المدخل الرئيسى - إسم شخصى
الإسم الشخصى سليمان عبدالواحد يوسف ابراهيم
245 1# - بيان العنوان
العنوان المخ واضطرابات الانتباه :
بقية العنوان رؤية فى اطار علم النفس العصبى المعرفى
246 ## - العنوان الموازى
عنوان صحيح/عنوان مختصر Brain & ADHD
260 ## - PUBLICATION, DISTRIBUTION, ETC. (IMPRINT)
تاريخ النشر أو التوزيع 2012
300 ## - الوصف المادى
التعداد 234 ص ؛
أبعاد الوعاء 24 سم
650 04 - المدخل الاضافى بالموضوع-مصطلح موضوعى
مصطلح موضوعي الانتباه
التقسيم الفرعي العام علم النفس
650 04 - المدخل الاضافى بالموضوع-مصطلح موضوعى
مصطلح موضوعي الارهاق الزهنى
650 04 - المدخل الاضافى بالموضوع-مصطلح موضوعى
مصطلح موضوعي التركيز
650 04 - المدخل الاضافى بالموضوع-مصطلح موضوعى
مصطلح موضوعي الانتباه
التقسيم الفرعي العام اضطرابات
942 ## - عناصر المدخل الإضافي( كوها)
مصدر التصنيف او مخطط الترفيف Dewey Decimal Classification
Koha [default] item type كتاب
260 ## - PUBLICATION, DISTRIBUTION, ETC. (IMPRINT)
-- الاسكندرية :
-- دار الجامعة الجديدة ،
Holdings
حالة التراجع حالة الفقد حالة تلف ليس للاعارة المكان المؤقت الموقع الحالى تاريخ الاكتساب اجمالي اﻻعارات رقم الطلب الباركود تاريخ اخر مشاهدة تاريخ تفعيل السعر نوع وعاء كوها
        مكتبة القاهرة الكبرى مكتبة القاهرة الكبرى 10/28/2014   153.733\ س م 158805 10/28/2014 10/28/2014 كتاب

Powered By

EGPV